Civil liberties: Cases and materials (Record no. 220228)

MARC details
000 -LEADER
fixed length control field 00363nam a2200145Ia 4500
008 - FIXED-LENGTH DATA ELEMENTS--GENERAL INFORMATION
fixed length control field 230917s9999||||xx |||||||||||||| ||und||
040 ## - CATALOGING SOURCE
-- 81431
Original cataloging agency VIVEKANANDA LIBRARY
041 ## - Language
-- English
082 ## - DDC NUMBER
Classification number 342.7 B155C
100 ## - MAIN ENTRY--PERSONAL NAME
Personal name Bailey, S H
245 #0 - TITLE STATEMENT
Title Civil liberties: Cases and materials
260 ## - PUBLICATION, DISTRIBUTION, ETC. (IMPRINT)
Place of publication, distribution, etc London
Name of publisher, distributor, etc Butterworths
Date of publication, distribution, etc 1980
300 ## - PHYSICAL DESCRIPTION
Pages xxvii, 447 p.
942 ## - ADDED ENTRY ELEMENTS (KOHA)
Koha item type Books
Holdings
Withdrawn status Lost status Damaged status Not for loan Location (home branch) Sublocation or collection (holding branch) Date acquired Koha issues (times borrowed) Koha full call number Accession No. Koha date last seen Koha item type
        VIVEKANANDA LIBRARY VIVEKANANDA LIBRARY 13/03/2003   342.7 B155C 85434 17/09/2023 Books
        VIVEKANANDA LIBRARY VIVEKANANDA LIBRARY 13/03/2003 1 342.7 B155C 85477 24/09/2025 Books
© Designed and Maintained by Vivekananda Library, MDU Rohtak